000 00674nam a2200217Ii 4500
003 JO-AjNU
008 230606s9999||||xx |||||||||||||| ||und||
020 _a0-131877671-6
040 _aJO-AjNU
_beng
_erda
_cJO-AjNU
041 _aeng
050 1 4 _aTK5105.58.C66.2006
100 3 _aComer, Douglas,
_eauthor
_9989
245 0 0 _aInternetworking with TCP/IP principles, protocols, and architectur
250 _a5 ed
264 3 1 _aNew Jersy:pearson,2006
300 _a650p
336 _atext
_btxt
_2rdacontent
337 _aunmediated
_bn
_2rdamedia
338 _avolume
_bnc
_2rdacarrier
650 4 _aInternetworking with TCP/IP principles, protocols, and architectur
_9990
999 _aE520
_c520
_d520